| 000 | 00407nam a2200157Ia 4500 | ||
|---|---|---|---|
| 008 | 240729s9999 xx 000 0 und d | ||
| 022 | _a1529-1227 | ||
| 245 | 0 | _aJournal of Social Structure | |
| 260 | _aPoland | ||
| 260 | _bSciendo | ||
| 650 | _a Sociology (General) | ||
| 650 | _aSocial Sciences | ||
| 856 | _uhttps://doaj.org/toc/a16819892c824ec3b93b6331f3f65368 | ||
| 942 | _2ddc | ||
| 942 | _cDOAJEJ | ||
| 999 |
_c68604 _d68604 |
||
| 945 |
_a1 _bMadushi Gamage _c1 _dMadushi Gamage |
||